NBA MVPs (Yellow Box) - Statistics

General Stats
  • This quiz has been taken 33 times
  • The average score is 35 of 70
Answer Stats
Years MVP % Correct
2024 Nikola Jokić
100%
2020 Giannis Antetokounmpo
93%
2022 Nikola Jokić
93%
2021 Nikola Jokić
93%
2025 Shai Gilgeous-Alexander
93%
2019 Giannis Antetokounmpo
87%
2018 James Harden
87%
2023 Joel Embiid
87%
2016 Stephen Curry
87%
2013 Lebron James
80%
2012 Lebron James
80%
2010 Lebron James
80%
2009 Lebron James
80%
2015 Stephen Curry
80%
2011 Derrick Rose
73%
2007 Dirk Nowitzki
73%
2014 Kevin Durant
73%
2008 Kobe Bryant
73%
2017 Russell Westbrook
73%
1998 Michael Jordan
67%
2006 Steve Nash
67%
2001 Allen Iverson
60%
2004 Kevin Garnett
60%
2000 Shaquille O'Neal
60%
2005 Steve Nash
60%
2003 Tim Duncan
60%
2002 Tim Duncan
60%
1996 Michael Jordan
53%
1986 Larry Bird
47%
1987 Magic Johnson
47%
1992 Michael Jordan
47%
1991 Michael Jordan
47%
1988 Michael Jordan
47%
1994 Hakeem Olajuwon
40%
1999 Karl Malone
40%
1997 Karl Malone
40%
1985 Larry Bird
40%
1984 Larry Bird
40%
1990 Magic Johnson
40%
1989 Magic Johnson
40%
1965 Bill Russell
33%
1963 Bill Russell
33%
1962 Bill Russell
33%
1961 Bill Russell
33%
1956 Bob Pettit
33%
1995 David Robinson
33%
1980 Kareem Abdul-Jabbar
33%
1977 Kareem Abdul-Jabbar
33%
1976 Kareem Abdul-Jabbar
33%
1974 Kareem Abdul-Jabbar
33%
1972 Kareem Abdul-Jabbar
33%
1971 Kareem Abdul-Jabbar
33%
1958 Bill Russell
27%
1959 Bob Pettit
27%
1993 Charles Barkley
27%
1968 Wilt Chamberlain
27%
1967 Wilt Chamberlain
27%
1966 Wilt Chamberlain
27%
1960 Wilt Chamberlain
27%
1978 Bill Walton
20%
1957 Bob Cousy
20%
1975 Bob McAdoo
20%
1973 Dave Cowens
20%
1981 Julius Erving
20%
1983 Moses Malone
20%
1982 Moses Malone
20%
1979 Moses Malone
20%
1964 Oscar Robertson
20%
1969 Wes Unseld
20%
1970 Willis Reed
20%
No matching quizzes found
Score Distribution
Percent of People with Each Score
Percentile by Number Answered
Your Score History
You have not taken this quiz